书目信息 |
| 题名: |
电力与电气设备管理
|
|
| 作者: | 郑永坤 , 邵彬 , 王先军 主编 | |
| 分册: | ||
| 出版信息: | 长春 吉林科学技术出版社 2021.6 |
|
| 页数: | 232页 | |
| 开本: | 26cm | |
| 丛书名: | ||
| 单 册: | ||
| 中图分类: | TM4 , TM92 | |
| 科图分类: | ||
| 主题词: | 电力设备--设备管理 , 电气设备--设备管理 | |
| 电子资源: | ||
| ISBN: | 978-7-5578-6904-5 | |
| 000 | 01074nam0 2200277 45 | |
| 001 | 012001002056 | |
| 005 | 20140913095555.0 | |
| 010 | @a978-7-5578-6904-5@dCNY60.00 | |
| 100 | @a20210122d2020 em y0chiy50 ea | |
| 101 | 0 | @achi |
| 102 | @aCN@b220000 | |
| 105 | @ay z 000yy | |
| 106 | @ar | |
| 200 | 1 | @a电力与电气设备管理@Adian li yu dian qi she bei guan li@b专著@f郑永坤,邵彬,王先军主编 |
| 210 | @a长春@c吉林科学技术出版社@d2021.6 | |
| 215 | @a232页@d26cm | |
| 330 | @a本书针对电力电气设备的维护和管理进行详细的分析,首先概述了电力系统的发展、组成与特点、电力系统现状及发展趋势等,然后分析了电力系统基础知识、电力系统潮流、电力系统静态与暂态稳定、电力系统过电压及保护,最后阐述了电力工程施工管理、电气设备以及电气设备选型与应用、电气调试与试运行等相关内容。 | |
| 606 | 0 | @a电力设备@x设备管理 |
| 606 | 0 | @a电气设备@x设备管理 |
| 690 | @aTM4@v5 | |
| 690 | @aTM92@v5 | |
| 701 | 0 | @a郑永坤@Azheng yong kun@4主编 |
| 701 | 0 | @a邵彬@Ashao bin@4主编 |
| 701 | 0 | @a王先军@Awang xian jun@4主编 |
| 801 | 0 | @aCN@bBJSDL@c20211011 |
| 905 | @b1338266-9@dTM4@e31@f4 | |
| 电力与电气设备管理/郑永坤,邵彬,王先军主编.-长春:吉林科学技术出版社,2021.6 |
| 232页;26cm |
| ISBN 978-7-5578-6904-5:CNY60.00 |
| 本书针对电力电气设备的维护和管理进行详细的分析,首先概述了电力系统的发展、组成与特点、电力系统现状及发展趋势等,然后分析了电力系统基础知识、电力系统潮流、电力系统静态与暂态稳定、电力系统过电压及保护,最后阐述了电力工程施工管理、电气设备以及电气设备选型与应用、电气调试与试运行等相关内容。 |
| ● |
| 相关链接 |
|
|
|
|
正题名:电力与电气设备管理
索取号:TM4/31
 
预约/预借
| 序号 | 登录号 | 条形码 | 馆藏地/架位号 | 状态 | 备注 |
| 1 | 1338266 | 213382668 | 第二样本阅览室/ [索取号:TM4/31] | 在馆 | |
| 2 | 1338267 | 213382677 | 第三借阅区/ [索取号:TM4/31] | 在馆 | |
| 3 | 1338268 | 213382686 | 第三借阅区/ [索取号:TM4/31] | 在馆 | |
| 4 | 1338269 | 213382695 | 第三借阅区/ [索取号:TM4/31] | 在馆 |